Project on Human Development in Chicago Neighborhoods (PHDCN): Deviance of Peers, Wave 1, 1994-1997

The Project on Human Development in Chicago Neighborhoods (PHDCN) was a large-scale, interdisciplinary study of how families, schools, and neighborhoods affect child and adolescent development. One component of the PHDCN was the Longitudinal Cohort Study, which was a series of coordinated longitudin...

Descripción completa

Guardado en:  
Detalles Bibliográficos
Autor principal: Earls, Felton J. (Autor)
Otros Autores: Brooks-Gunn, Jeanne (Contribuidor) ; Raudenbush, Stephen W. (Contribuidor) ; Sampson, Robert J. (Contribuidor)
Tipo de documento: Electrónico Research Data
Lenguaje:Inglés
Publicado: [Erscheinungsort nicht ermittelbar] [Verlag nicht ermittelbar] 2005
En:Año: 2005
Acceso en línea: Volltext (kostenfrei)
Verificar disponibilidad: HBZ Gateway
Palabras clave:

MARC

LEADER 00000cam a22000002c 4500
001 1840061480
003 DE-627
005 20260105204303.0
007 cr uuu---uuuuu
008 230324s2005 xx |||||o 00| ||eng c
024 7 |a 10.3886/ICPSR13585.v1  |2 doi 
035 |a (DE-627)1840061480 
035 |a (DE-599)KXP1840061480 
040 |a DE-627  |b ger  |c DE-627  |e rda 
041 |a eng 
084 |a 2,1  |2 ssgn 
100 1 |a Earls, Felton J.  |e VerfasserIn  |4 aut 
245 1 0 |a Project on Human Development in Chicago Neighborhoods (PHDCN): Deviance of Peers, Wave 1, 1994-1997 
264 1 |a [Erscheinungsort nicht ermittelbar]  |b [Verlag nicht ermittelbar]  |c 2005 
336 |a Text  |b txt  |2 rdacontent 
337 |a Computermedien  |b c  |2 rdamedia 
338 |a Online-Ressource  |b cr  |2 rdacarrier 
520 |a The Project on Human Development in Chicago Neighborhoods (PHDCN) was a large-scale, interdisciplinary study of how families, schools, and neighborhoods affect child and adolescent development. One component of the PHDCN was the Longitudinal Cohort Study, which was a series of coordinated longitudinal studies that followed over 6,000 randomly selected children, adolescents, and young adults, and their primary caregivers over time to examine the changing circumstances of their lives, as well as the personal characteristics, that might lead them toward or away from a variety of antisocial behaviors. Numerous measures were administered to respondents to gauge various aspects of human development, including individual differences, as well as family, peer, and school influences. The Deviance of Peers was a self-report interview that obtained information about peer involvement in conventional and delinquent activities. Information about peer pressure to use drugs and/or alcohol was also collected. 
540 |a ICPSR Terms of Use 
650 4 |a Adolescents 
650 4 |a after school programs 
650 4 |a Aggravated assault 
650 4 |a armed robbery 
650 4 |a Assault 
650 4 |a assault and battery 
650 4 |a Auto Theft 
650 4 |a Child Development 
650 4 |a Childhood 
650 4 |a Delinquent Behavior 
650 4 |a Drug traffic 
650 4 |a Drug use 
650 4 |a Juvenile Offenders 
650 4 |a Neighborhoods 
650 4 |a peer groups 
650 4 |a Peer influence 
650 4 |a Property crimes 
650 4 |a Robbery 
650 4 |a Sexual Behavior 
650 4 |a Social Behavior 
650 4 |a Truancy 
655 7 |a Forschungsdaten  |0 (DE-588)1098579690  |0 (DE-627)857755366  |0 (DE-576)469182156  |2 gnd-content 
700 1 |a Brooks-Gunn, Jeanne  |e MitwirkendeR  |4 ctb 
700 1 |a Raudenbush, Stephen W.  |e MitwirkendeR  |4 ctb 
700 1 |a Sampson, Robert J.  |e MitwirkendeR  |4 ctb 
787 0 8 |i Forschungsdaten zu  |a Gibson, Chris L.  |t Avoiding violent victimization among youths in urban neighborhoods: The importance of street efficacy  |d 2014  |w (DE-627)1912465752 
787 0 8 |i Forschungsdaten zu  |a Jain, Sonia  |t Behavioral adaptation among youth exposed to community violence: A longitudinal multidisciplinary study of family, peer and neighborhood-level protective factors  |d 2013  |w (DE-627)1912466775 
787 0 8 |i Forschungsdaten zu  |a Antunes, Maria  |t Benefits of inner-city mobility on youth violence: Do immigrants fare better?  |d Academy of Criminal Justice Sciences, 2019  |w (DE-627)1912467305 
787 0 8 |i Forschungsdaten zu  |a Unnever, James D.  |t Black males, impulsivity, and externalizing behaviors: A Black criminology analysis  |d 2021  |w (DE-627)1912468697 
787 0 8 |i Forschungsdaten zu  |a Miller, Holly V.  |t Correlates of delinquency and victimization in a sample of Hispanic youth  |d 2012  |w (DE-627)1912493896 
787 0 8 |i Forschungsdaten zu  |a Zimmerman, Gregory M.  |t Decomposing the peer effect on adolescent substance use: Mediation, nonlinearity, and differential nonlinearity  |d 2011  |w (DE-627)1912506734 
787 0 8 |i Forschungsdaten zu  |a Zimmerman, Gregory M.  |t Detecting specialization in interpersonal violence versus suicidal behavior  |d 2014  |w (DE-627)1912509938 
787 0 8 |i Forschungsdaten zu  |a Wilhoit, Sarah A.  |t Deviant peer affiliation mediates the prospective association from impulsivity to alcohol use in late adolescence  |d 2022  |w (DE-627)1912512963 
787 0 8 |i Forschungsdaten zu  |a DiPietro, Stephanie M.  |t Differential susceptibility? Immigrant youth and peer influence  |d 2012  |w (DE-627)1912514087 
787 0 8 |i Forschungsdaten zu  |a Chang, Shou-An A.  |t Distrust moderates the effect of deviant peer affiliation on increased externalizing in adolescents  |d 2022  |w (DE-627)1912516616 
787 0 8 |i Forschungsdaten zu  |a Gibson, Chris L.  |t 'Does it take a village?' Assessing neighborhood influences on children's self-control  |d 2010  |w (DE-627)1912518589 
787 0 8 |i Forschungsdaten zu  |a Fagan, Abigail A.  |t The effects of neighborhood context on youth violence and delinquency: Does gender matter?  |d 2012  |w (DE-627)1912532212 
787 0 8 |i Forschungsdaten zu  |a Lopez, Kristina M.  |t Ethnicity, acculturation, and offending: Findings from a sample of Hispanic adolescents  |d 2011  |w (DE-627)1912541556 
787 0 8 |i Forschungsdaten zu  |a Lobo Antunes, Maria J.  |t Family management and youth violence: Are parents or community more salient?  |d 2014  |w (DE-627)1912555530 
787 0 8 |i Forschungsdaten zu  |a Antunes, Maria  |t Gender differences in youth exposure to community violence: A partial test of power-control theory  |d 2019  |w (DE-627)1912565714 
787 0 8 |i Forschungsdaten zu  |a Lopez, Kristina  |t Generational Status and Offending Among a Sample of Hispanic Adolescents  |d [Erscheinungsort nicht ermittelbar] : The University of Texas at San Antonio, 2010  |w (DE-627)1912567237 
787 0 8 |i Forschungsdaten zu  |a Zimmerman, Gregory M.  |t Impulsivity, Offending, and the Neighborhood: Investigating the Person-Context Nexus  |d [Erscheinungsort nicht ermittelbar] : State University of New York, Albany, 2009  |w (DE-627)1912587246 
787 0 8 |i Forschungsdaten zu  |a Zimmerman, Gregory R.  |t Individual, family background, and contextual explanations of racial and ethnic disparities in youths' exposure to violence  |d 2013  |w (DE-627)1912589613 
787 0 8 |i Forschungsdaten zu  |a Antunes, Maria  |t Inner-city mobility: Does moving within the city reduce exposure to violence for immigrant and minority youths?  |d American Society of Criminology, 2017  |w (DE-627)1912592797 
787 0 8 |i Forschungsdaten zu  |a Wareham, Jennifer  |t The link between mental health problems and youth violence in adolescence: a multilevel test of DSM-oriented problems  |d 2012  |w (DE-627)1885969163 
787 0 8 |i Forschungsdaten zu  |a Ahlin, Eileen M.  |t Locus of control orientation: Parents, peers, and place  |d 2015  |w (DE-627)1912611465 
787 0 8 |i Forschungsdaten zu  |a Miller, Riane N.  |t The moderating effects of peer and parental support on the relationship between vicarious victimization and substance use  |d 2014  |w (DE-627)1912624362 
787 0 8 |i Forschungsdaten zu  |a Zimmerman, Gregory M.  |t Neighborhood context and nonlinear peer effects on adolescent violent crime  |d 2011  |w (DE-627)1912633663 
787 0 8 |i Forschungsdaten zu  |a Browning, Christopher R.  |t Neighborhood context and racial differences in early adolescent sexual activity  |d 2004  |w (DE-627)1912633698 
787 0 8 |i Forschungsdaten zu  |a Cradock, Angie L.  |t Neighborhood social cohesion and youth participation in physical activity in Chicago  |d 2009  |w (DE-627)1912634759 
787 0 8 |i Forschungsdaten zu  |a Jones, Adrian M.  |t Peers, self-control, neighborhoods, and adolescent and early adult tobacco and alcohol use: Assessing invariance  |d 2020  |w (DE-627)1912648555 
787 0 8 |i Forschungsdaten zu  |a Ozdemir, Metin  |t Predictors and Outcomes of Adolescent Self-Efficacy Beliefs: An Analysis of Individual, Peer, Family, and Neighborhood Level Variables  |d [Erscheinungsort nicht ermittelbar] : University of Maryland, Baltimore County, 2009  |w (DE-627)191265895X 
787 0 8 |i Forschungsdaten zu  |a Lobo Antunes, Maria J.  |t Protecting youth against exposure to violence: Intersections of race/ethnicity, neighborhood, family, and friends  |d 2015  |w (DE-627)1912668572 
787 0 8 |i Forschungsdaten zu  |a Jain, Sonia  |t Protective factors for youth exposed to violence: Role of developmental assets in building emotional resilience  |d 2012  |w (DE-627)1912668742 
787 0 8 |i Forschungsdaten zu  |a Browning, Christopher R.  |t Racial differences in sexual and fertility attitudes in an urban setting  |d 2006  |w (DE-627)191267503X 
787 0 8 |i Forschungsdaten zu  |a Unnever, James D.  |t Racial discrimination and pathways to delinquency: Testing a theory of African American offending  |d 2017  |w (DE-627)1912675110 
787 0 8 |i Forschungsdaten zu  |a Fagan, Abigail A.  |t Racial/ethnic differences in the relationship between neighborhood disadvantage and adolescent substance use  |d 2013  |w (DE-627)1912675927 
787 0 8 |i Forschungsdaten zu  |a Leban, Lindsay  |t The role of gender in the relationship between adverse childhood experiences and delinquency and substance use in adolescence  |d 2019  |w (DE-627)1912692562 
787 0 8 |i Forschungsdaten zu  |a Antunes, Maria João Lobo  |t Should I stay, or should I go now?  |d 2025  |w (DE-627)1928052703 
787 0 8 |i Forschungsdaten zu  |a Barajas-Gonzalez, R. Gabriela  |t Substance use differences among U.S.- versus foreign-born adolescents: Testing pathways through family and peer influences  |d 2014  |w (DE-627)1912717085 
787 0 8 |i Forschungsdaten zu  |a Grant, Erin  |t A Test of Self-Control in a Mexican-American Sample  |d [Erscheinungsort nicht ermittelbar] : Texas State University, San Marcos, 2013  |w (DE-627)1912723492 
787 0 8 |i Forschungsdaten zu  |a Gibson, Chris L.  |t Unpacking the Influence of Neighborhood Context and Antisocial Propensity on Violent Victimization of Children and Adolescents in Chicago  |d 2012  |w (DE-627)1912736012 
787 0 8 |i Forschungsdaten zu  |a Kirk, David S.  |t Unraveling the Neighborhood and School Effects on Youth Behavior  |d [Erscheinungsort nicht ermittelbar] : The University of Chicago, 2006  |w (DE-627)1912736217 
787 0 8 |i Forschungsdaten zu  |a Molnar, Beth E.  |t Violent behavior by girls reporting violent victimization: A prospective study  |d 2005  |w (DE-627)191274418X 
856 4 0 |u https://doi.org/10.3886/ICPSR13585.v1  |x Resolving-System  |z kostenfrei  |3 Volltext  |7 0 
935 |a mkri 
951 |a BO 
ELC |a 1 
LOK |0 000 xxxxxcx a22 zn 4500 
LOK |0 001 4296809121 
LOK |0 003 DE-627 
LOK |0 004 1840061480 
LOK |0 005 20230324125310 
LOK |0 008 230324||||||||||||||||ger||||||| 
LOK |0 035   |a (DE-2619)ICPSR13585 
LOK |0 040   |a DE-2619  |c DE-627  |d DE-2619 
LOK |0 092   |o n 
LOK |0 852   |a DE-2619 
LOK |0 852 1  |9 00 
LOK |0 935   |a foda  |a nacj 
LOK |0 939   |a 24-03-23  |b l01 
OAS |a 1 
ORI |a SA-MARC-krimdoka001.raw